000 00884nam a22002417a 4500
001 47701
003 BD-RjUL
005 20211209054355.0
008 160810r20082006b ||||| |||| 00| 0 eng d
020 _a9788175224018(V.65)
020 _a9788175224018(Set)
035 _a(BD-RjUL)47820
040 _aBD-RjUL
_bben
_cBD-RjUL
041 _aben
082 _223
_a781.1
_bRAP 2008
100 1 _aঠাকুর, রবীন্দ্রনাথ
_9144900
245 1 0 _aপরিশোধ নাট্যগীতি /
_c রবীন্দ্রনাথ ঠাকুর.
260 _aকালকাতা :
_bবিশ্বভারতী গ্রন্থনবিভাগ,
_c২০০৮.
300 _a৭০ পৃ ;
_c২৪ সেমি.
650 _aসঙ্গীত মূলনীতি
_9144901
650 _aBasic Principles of Music
_9144902
942 _2ddc
_cBK
999 _c47701
_d47701